| 000 | 00537nam a2200157 a 4500 | ||
|---|---|---|---|
| 001 | 000036195 | ||
| 005 | 20200930074938.0 | ||
| 008 | 120111s2011 dr 000 0 spa d | ||
| 020 | _a9789945164428 | ||
| 040 |
_aDO-SdBNP _bspa _cBNPHU |
||
| 082 |
_axxxx _bR426s |
||
| 110 | 1 |
_aRepública Dominicana. _bContraloria General de la República _921624 |
|
| 245 | 1 | 0 |
_aSistema Nacional de control interno : _bnomas básicas de control interno del sector público dominicano. |
| 260 |
_aSanto Domingo : _bBúho, _c2011. |
||
| 300 |
_a29 p ; _c26 cm. |
||
| 999 |
_c35686 _d35686 |
||